Indonesian Verbs 1 - Statistics

General Stats
  • This quiz has been taken 47 times
  • The average score is 10 of 15
Answer Stats
Hint Answer % Correct
To Eat Makan
89%
To Buy Membeli
83%
To Drink Minum
83%
Can Bisa
81%
To Study Belajar
79%
To Walk Berjalan
71%
To Run Berlari
70%
To Make Membuat
65%
To Know Tahu
65%
To Think Berpikir
62%
To Come Datang
62%
To Have Mempunyai
60%
To Work Bekerja
58%
To Finish Selesai
53%
To Say Mengatakan
37%
To Go Jalan
24%
No matching quizzes found
Score Distribution
Percent of People with Each Score
Percentile by Number Answered
Your Score History
You have not taken this quiz